Analýza údajov z výskumov zameraných na zistenie skúseností, postojov a názorov žiakov základných a stredných škôl na extrémizmus a rasizmus

Gespeichert in:
Bibliographische Detailangaben
1. Verfasser: Pétiová, Marianna
Körperschaft: Ministerstvo školstva, vedy, výskumu a športu Slovenskej republiky
Format: Buch
Sprache:Slowakisch
Veröffentlicht: Bratislava Centrum vedecko-technických informácií SR 2020
Schlagworte:
Tags: Tag hinzufügen
Keine Tags, Fügen Sie das erste Tag hinzu!

MARC

LEADER 00000nam a2200000 4500
001 0278709
005 20240306141936.4
020 |a 978-80-89965-46-5 
041 0 |a slo 
044 |a SK 
245 1 0 |a Analýza údajov z výskumov zameraných na zistenie skúseností, postojov a názorov žiakov základných a stredných škôl na extrémizmus a rasizmus  |c Marianna Pétiová 
264 1 |a Bratislava  |b Centrum vedecko-technických informácií SR  |c 2020 
300 |a 77 s. 
610 2 0 |a výskum 
610 2 0 |a extrémizmus 
610 2 0 |a rasizmus 
610 2 0 |a školy základné 
610 2 0 |a školy stredné 
610 2 0 |a dotazníky 
610 2 0 |a vývoj spoločenský 
610 2 0 |a vývoj politický 
610 2 0 |a dôsledky sociálne 
610 2 0 |a údaje štatistické 
610 2 0 |a Slovensko 
100 1 |a Pétiová, Marianna 
710 2 |a Ministerstvo školstva, vedy, výskumu a športu Slovenskej republiky